The turning point/ (Record no. 9215)

MARC details
000 -LEADER
fixed length control field 00498nam a22001817a 4500
003 - CONTROL NUMBER IDENTIFIER
control field OSt
005 - DATE AND TIME OF LATEST TRANSACTION
control field 20240717110216.0
008 - FIXED-LENGTH DATA ELEMENTS--GENERAL INFORMATION
fixed length control field 240717b |||||||| |||| 00| 0 eng d
020 ## - INTERNATIONAL STANDARD BOOK NUMBER
International Standard Book Number 9780006540175
040 ## - CATALOGING SOURCE
Transcribing agency MUST
082 ## - DEWEY DECIMAL CLASSIFICATION NUMBER
Classification number 300 GRI 1983
100 ## - MAIN ENTRY--PERSONAL NAME
Personal name Capra Fritjof
9 (RLIN) 18801
245 ## - TITLE STATEMENT
Title The turning point/
Remainder of title science,society,and the risising culture
Statement of responsibility, etc. Fritjof Capra
260 ## - PUBLICATION, DISTRIBUTION, ETC. (IMPRINT)
Place of publication, distribution, etc. Flamingo
Name of publisher, distributor, etc. collins
300 ## - PHYSICAL DESCRIPTION
Extent xx,516p;
Other physical details ill.
Dimensions 19
504 ## - BIBLIOGRAPHY, ETC. NOTE
Bibliography, etc bibliograghies included
942 ## - ADDED ENTRY ELEMENTS (KOHA)
Source of classification or shelving scheme Dewey Decimal Classification
Koha item type Open Shelf
Holdings
Withdrawn status Lost status Source of classification or shelving scheme Damaged status Not for loan Home library Current library Date acquired Source of acquisition Inventory number Total Checkouts Full call number Barcode Date last seen Price effective from Koha item type
    Other/Generic Classification Scheme     MUST Main Library MUST Main Library 17/07/2024 Purchase 03/19792   300 GRI 1983 2024-22001 17/07/2024 17/07/2024 Open Shelf